Current NHL Teams First Year as a Franchise in NHL - Statistics

General Stats
  • This quiz has been taken 53 times
  • The average score is 24 of 32
Answer Stats
Year Answer % Correct
1917 Montreal Canadiens
95%
1924 Boston Bruins
92%
1926 Chicago Blackhawks
92%
1917 Toronto Maple Leafs
89%
1926 Detroit Red Wings
87%
1926 New York Rangers
87%
2017 Vegas Golden Knights
79%
2000 Minnesota Wild
76%
1967 Pittsburgh Penguins
76%
2000 Columbus Blue Jackets
74%
1993 Florida Panthers
74%
1998 Nashville Predators
74%
1972 New York Islanders
74%
1967 Philadelphia Flyers
74%
2021 Seattle Kraken
74%
1967 St. Louis Blues
74%
1993 Anaheim Ducks
71%
1979 Arizona Coyotes
71%
1980 Carolina Hurricanes
71%
1967 Dallas Stars
71%
1979 Edmonton Oilers
71%
1967 Los Angeles Kings
71%
1992 Ottawa Senators
71%
1991 San Jose Sharks
71%
1999 Winnipeg Jets
71%
1972 Calgary Flames
68%
1979 Colorado Avalanche
68%
1974 New Jersey Devils
68%
1992 Tampa Bay Lightning
68%
1970 Vancouver Canucks
68%
1974 Washington Capitals
68%
1970 Buffalo Sabres
66%
No matching quizzes found
Score Distribution
Percent of People with Each Score
Percentile by Number Answered
Your Score History
You have not taken this quiz